000 00327nam a2200133Ia 4500
999 _c3796
_d3796
008 200302s9999 xx 000 0 und d
082 _a726.5
_bSHA
100 _aNaresh Shah and Prasad Anaokar
245 _aAn Introduction to Predesign
260 _bCouncil of Architecture
260 _c2015
300 _a119
942 _2ddc